00672nam a2200229 a 4500001001300000003000900013005001700022008004100039020002300080082001700103100001800120245002500138260005100163300000900214500003500223505001000258650002400268902000800292942000700300952011800307999001700425nice12345678IN_TiNIC20260116014231.0050524s2001 dela grp 000 0 eng  a8187746 c45000a297.172bTRI aTripathi, S M aReligious Positivity aDelhibGlobal Vision Publications House c2001 a220p aincludes index and biblioraphy2 aIndex aReligious Pluralism bSRS cBK 001040708StackRoom-aHMIbHMId2007-07-18g450.00l0o297.172 TRIp020640r2007-07-18v450.00w2005-05-24yBK c14441d14441